000 00503nam a2200217Ia 4500
003 OSt
005 20221005125904.0
006 a|||||r|||| 00| 0
007 ta
008 221004b |||||||| |||| 00| 0 eng d
024 _a120462
037 _cTextual
040 _aCRL
_cCRL
_beng
041 _2eng
_aeng
100 _aStern Curt
_9637264
245 0 _aPrincipal of human genetics
260 _c1960
650 _aSOCIOLOGY
942 _cTEXL
_2cc
999 _c1055418
_d1055418